Napa County, CA Communities - Statistics

General Stats
  • This quiz has been taken 19 times
  • The average score is 4 of 17
Answer Stats
Hint Answer % Correct
City Napa
100%
City Calistoga
67%
City St. Helena
67%
City American Canyon
56%
City Yountville
56%
CDP Oakville
22%
CDP Rutherford
11%
Unincorporated Community Aetna Springs
0%
CDP Angwin
0%
Unincorporated Community Berryessa Highlands
0%
Unincorporated Community Circle Oaks
0%
CDP Deer Park
0%
CDP Moskowite Corner
0%
Unincorporated Community Pope Valley
0%
CDP Silverado Resort
0%
Unincorporated Community Vichy Springs
0%
Unincorporated Community Zinfandel
0%
No matching quizzes found
Score Distribution
Percent of People with Each Score
Percentile by Number Answered
Your Score History
You have not taken this quiz